Loading...

The View From The Barrio

Bibliographic Details
Main Author: Peattie, Lisa Redfield
Format: Printed Book
Language:Undetermined
Published: U.S.A: The University Of Michigan Press, 1968
Subjects:
LEADER 00518nam a2200157Ia 4500
008 200110s9999||||xx |||||||||||||| ||und||
080 |a 309.1  |b PEA-V 
100 |a Peattie, Lisa Redfield  
245 4 |a The View From The Barrio 
260 |a U.S.A:  |b The University Of Michigan Press,   |c 1968 
300 |a 147 p.  |f HB 
500 |a General 
650 |a View From The Barrio  
942 |c BK 
999 |c 257001  |d 257001 
952 |0 0  |1 0  |4 0  |6 309_100000000000000_PEAV  |7 0  |9 272925  |a SOC  |b SOC  |l 0  |o 309.1 PEA-V  |p SOC6604  |r 2020-01-14  |w 2020-01-14  |y BK